=LDR 00000nam 2200000 4500 =001 INLIS000000000054918 =005 20200310082557 =035 ##$$a 0010-0320000025 =007 ta =008 200310################g##########0#ind## =020 ##$$a 978-979-1149-03-7 =082 ##$$a 297.617 7 =084 ##$$a 297.617 7 SHO p =100 #$$a Shodiq, Mustika =245 1#$$a Panduan spritual kehamilan : $b Kado terindah untuk muslimah hamil /$c M. Sodiiq Mustika; Editor, Muhammad Fahmi =250 ##$$a cet.1 =260 ##$$a Yogyakarta :$b Qudsi Media,$c 2008 =300 ##$$a vii, 190 hlm, ; $c 15 x 20 cm =600 #4$$a Spritual dan Kehamilan =700 #$$a Muhammad Fahmi =990 ##$$a 21703687 =990 ##$$a 21703688 =990 ##$$a 21703686 =990 ##$$a 21703689